000 00270nam a2200109Ia 4500
008 200302s9999 xx 000 0 und d
100 _aChristopher Alexander
245 _aThe timeless way of building
260 _bOxford University press
260 _c1979
300 _a549
999 _c6619
_d6619